[Event "Jakarta Indonesia op 3rd"]
[Site "Jakarta"]
[Date "2013.10.16"]
[Round "10"]
[White "Ardiansyah, Haji"]
[Black "Aulia, Medina Warda"]
[Result "1-0"]
[WhiteElo "2368"]
[BlackElo "2319"]
[PlyCount "118"]
[EventDate "2013.10.10"]
[EventType "swiss"]
[EventRounds "11"]
[EventCountry "INA"]
[SourceTitle "EXT 2014"]
[Source "ChessBase"]
[SourceDate "2013.11.20"]
[SourceVersion "1"]
[SourceVersionDate "2013.11.20"]
[SourceQuality "1"]

1. d4 Nf6 2. c4 e6 3. Nf3 b6 4. g3 Ba6 5. b3 Bb4+ 6. Bd2 Bxd2+ 7. Nbxd2 c6 8. Bg2 d5 9. Qc2 Nbd7 10. e4 dxe4 11. Nxe4 0-0 12. 0-0 Qc7 13. Rfe1 Rad8 14. Nc3 c5 15. Rad1 h6 16. a4 Rfe8 17. Nb5 Bxb5 18. axb5 Nb8 19. dxc5 Qxc5 20. Ra1 e5 21. b4 Qxb4 22. Rxe5 Rxe5 23. Nxe5 Rd2 24. Qf5 Nbd7 25. Nxd7 Rxd7 26. Qf4 Qc3 27. Rc1 Qb4 28. Bh3 Re7 29. Bf1 Rd7 30. Ra1 Qe7 31. Qb8+ Kh7 32. Bg2 Qe2 33. Bf1 Qe7 34. Bg2 Qe2 35. Bc6 Rd2 36. Qf4 Rd1+ 37. Rxd1 Qxd1+ 38. Kg2 Qd3 39. Qc7 Qxc4 40. Qxa7 Nd5 41. h3 h5 42. Qb7 Nc3 43. Qxb6 h4 44. gxh4 Nd5 45. Bxd5 Qxd5+ 46. Kg1 Qd1+ 47. Kh2 Qa4 48. Qc5 Qf4+ 49. Kg1 Qxh4 50. Qf5+ Kg8 51. b6 Qb4 52. Qc8+ Kh7 53. Qc6 f5 54. b7 f4 55. Kg2 Qb1 56. Qd5 f3+ 57. Qxf3 Qb5 58. Qe4+ Kh6 59. Qf4+ g5 1-0

[Event "Jakarta Indonesia op 3rd"]
[Site "Jakarta"]
[Date "2013.10.14"]
[Round "7"]
[White "Davletbayeva, Madina"]
[Black "Ardiansyah, Haji"]
[Result "1/2-1/2"]
[WhiteElo "2259"]
[BlackElo "2368"]
[PlyCount "101"]
[EventDate "2013.10.10"]
[EventType "swiss"]
[EventRounds "11"]
[EventCountry "INA"]
[SourceTitle "CBM 156 Extra"]
[Source "ChessBase"]
[SourceDate "2013.10.22"]
[SourceVersion "1"]
[SourceVersionDate "2013.10.22"]
[SourceQuality "1"]

1. e4 c5 2. Nf3 Nc6 3. d4 cxd4 4. Nxd4 Qc7 5. Nc3 e6 6. g3 Nf6 7. Bg2 a6 8. 0-0 Be7 9. Re1 Nxd4 10. Qxd4 Bc5 11. Bf4 d6 12. Qd2 Ng4 13. Re2 Bd7 14. Rd1 e5 15. Nd5 Qd8 16. Bg5 f6 17. Be3 Nxe3 18. Nxe3 a5 19. Qd5 Bc6 20. Qe6+ Kf8 21. Red2 Qc7 22. Nf5 Re8 23. Qb3 Rd8 24. Qe6 Re8 25. Qc4 b5 26. Qb3 Rd8 27. Qf3 Kf7 28. a4 g6 29. axb5 gxf5 30. bxc6 Qxc6 31. Qh5+ Ke7 32. exf5 Qe8 33. Qh4 Rb8 34. Qc4 Qc8 35. Qg4 Qf8 36. Qa4 Rxb2 37. Qxa5 Qb8 38. Qc3 h5 39. h4 Rg8 40. Bd5 Rg4 41. Bb3 Qb4 42. Qxb2 Rxg3+ 43. Kf1 Qg4 44. fxg3 Qf3+ 45. Ke1 Qxg3+ 46. Ke2 Qe3+ 47. Kf1 Qg1+ 48. Ke2 Qe3+ 49. Kf1 Qg1+ 50. Ke2 Qe3+ 51. Kf1 1/2-1/2

[Event "Jakarta Indonesia op 2nd"]
[Site "Jakarta"]
[Date "2012.10.17"]
[Round "9"]
[White "Gomez, John Paul"]
[Black "Ardiansyah, Haji"]
[Result "1-0"]
[WhiteElo "2523"]
[BlackElo "2371"]
[PlyCount "77"]
[EventDate "2012.10.11"]
[EventType "swiss"]
[EventRounds "9"]
[EventCountry "INA"]
[SourceTitle "EXT 2013"]
[Source "ChessBase"]
[SourceDate "2012.11.22"]
[SourceVersion "1"]
[SourceVersionDate "2012.11.22"]
[SourceQuality "1"]

1. e4 c5 2. Nc3 Nc6 3. Bb5 g6 4. Bxc6 bxc6 5. f4 Bg7 6. Nf3 d6 7. 0-0 Rb8 8. d3 e6 9. e5 d5 10. Na4 Bf8 11. c4 Nh6 12. b3 Nf5 13. Qe2 h5 14. g3 Be7 15. Ba3 Qa5 16. Qe1 Rb4 17. Bxb4 cxb4 18. Rc1 dxc4 19. Rxc4 0-0 20. h3 Ba6 21. g4 Bxc4 22. dxc4 hxg4 23. hxg4 Nh6 24. Qg3 Rd8 25. Qh3 Bf8 26. Kg2 Bg7 27. Kg3 c5 28. Qg2 Bf8 29. Rh1 Qc7 30. Qe2 Qe7 31. Nb2 a5 32. Nd3 Bg7 33. Nf2 a4 34. Ne4 axb3 35. axb3 Ra8 36. Rxh6 Bxh6 37. Nf6+ Kf8 38. Qh2 Bg7 39. Ng5 1-0

[Event "Jakarta Indonesia op 2nd"]
[Site "Jakarta"]
[Date "2012.10.15"]
[Round "6"]
[White "Ardiansyah, Haji"]
[Black "Nguyen, Van Huy"]
[Result "0-1"]
[WhiteElo "2371"]
[BlackElo "2517"]
[PlyCount "86"]
[EventDate "2012.10.11"]
[EventType "swiss"]
[EventRounds "9"]
[EventCountry "INA"]
[SourceTitle "EXT 2013"]
[Source "ChessBase"]
[SourceDate "2012.11.22"]
[SourceVersion "1"]
[SourceVersionDate "2012.11.22"]
[SourceQuality "1"]

1. e4 c5 2. Nf3 Nc6 3. Bb5 g6 4. 0-0 Bg7 5. Re1 Nf6 6. Nc3 0-0 7. h3 Nd4 8. e5 Ne8 9. Bf1 d6 10. Nxd4 cxd4 11. exd6 Nxd6 12. Ne2 d3 13. cxd3 Nf5 14. d4 b6 15. d3 Bb7 16. Bf4 e6 17. Be5 Qd7 18. Bxg7 Kxg7 19. Qd2 Nxd4 20. Qc3 Rfd8 21. Rac1 Rac8 22. Qxd4+ Qxd4 23. Nxd4 Rxd4 24. Rxc8 Bxc8 25. Rc1 Bd7 26. Rc7 a5 27. f3 e5 28. Kf2 Kf6 29. Ke3 Ke7 30. g3 g5 31. Rb7 Rb4 32. b3 Kd6 33. Kd2 b5 34. Ra7 a4 35. Kc3 axb3 36. axb3 Rd4 37. b4 h5 38. Ra6+ Ke7 39. Rh6 h4 40. g4 Rf4 41. Be2 f6 42. Rh7+ Kd6 43. Rh6 Bc6 0-1

[Event "Jakarta Indonesia op 2nd"]
[Site "Jakarta"]
[Date "2012.10.13"]
[Round "5"]
[White "Hoang, Thanh Trang"]
[Black "Ardiansyah, Haji"]
[Result "1/2-1/2"]
[WhiteElo "2470"]
[BlackElo "2371"]
[PlyCount "99"]
[EventDate "2012.10.11"]
[EventType "swiss"]
[EventRounds "9"]
[EventCountry "INA"]
[SourceTitle "EXT 2013"]
[Source "ChessBase"]
[SourceDate "2012.11.22"]
[SourceVersion "1"]
[SourceVersionDate "2012.11.22"]
[SourceQuality "1"]

1. d4 d5 2. Bf4 c5 3. e3 Nc6 4. c3 a6 5. Nd2 Nf6 6. Ngf3 e6 7. Ne5 Nxe5 8. dxe5 Nd7 9. Bd3 c4 10. Bc2 g5 11. Bg3 h5 12. h4 g4 13. e4 Nc5 14. Qe2 Bh6 15. Rd1 Qb6 16. exd5 exd5 17. b3 cxb3 18. axb3 Be6 19. 0-0 0-0-0 20. b4 Nd7 21. Nb3 Kb8 22. Nd4 Rc8 23. Ba4 Nf8 24. Qd3 Qc7 25. Ne2 Ng6 26. b5 Qc4 27. Qxc4 Rxc4 28. Ra1 axb5 29. Bxb5 Rc5 30. Bd3 Ne7 31. Rfb1 Rhc8 32. Rb2 Nc6 33. Rab1 Rc7 34. f4 gxf3 35. gxf3 Be3+ 36. Kg2 d4 37. cxd4 Nxd4 38. Nxd4 Bxd4 39. Rb5 Rc2+ 40. Bxc2 Rxc2+ 41. Kh1 Bh3 42. Rxb7+ Ka8 43. Rb8+ Ka7 44. R8b7+ Ka8 45. Rb8+ Ka7 46. R8b4 Bg2+ 47. Kh2 Bf1+ 48. Kh1 Bg2+ 49. Kh2 Bf1+ 50. Kh1 1/2-1/2

[Event "Jakarta Telin op"]
[Site "Jakarta"]
[Date "2011.04.01"]
[Round "1"]
[White "Cuhendi, Sean Winshand"]
[Black "Ardiansyah, Haji"]
[Result "0-1"]
[WhiteElo "1945"]
[BlackElo "2373"]
[PlyCount "60"]
[EventDate "2011.04.01"]
[EventType "swiss"]
[EventRounds "9"]
[EventCountry "INA"]
[SourceTitle "CBM 141 Extra"]
[Source "ChessBase"]
[SourceDate "2011.05.03"]
[SourceVersion "1"]
[SourceVersionDate "2011.05.03"]
[SourceQuality "1"]

1. e4 c5 2. Nf3 d6 3. d4 cxd4 4. Nxd4 Nf6 5. Nc3 a6 6. Bg5 Nbd7 7. f4 b5 8. Qf3 Bb7 9. Bd3 Qb6 10. Nb3 e6 11. Bh4 b4 12. Bf2 Qc7 13. Ne2 d5 14. e5 Ne4 15. Bd4 a5 16. Nd2 Nxd2 17. Kxd2 Nc5 18. Ng3 Be7 19. Rae1 a4 20. Nh5 Ne4+ 21. Bxe4 dxe4 22. Qe3 0-0 23. Nf6+ Bxf6 24. exf6 Rfd8 25. c3 a3 26. Qg3 g6 27. Re3 axb2 28. Qg5 Rxd4+ 29. cxd4 Qc3+ 30. Ke2 b1Q 0-1

[Event "ASEAN Circuit GM-B"]
[Site "Tarakan"]
[Date "2008.01.17"]
[Round "9"]
[White "Ardiansyah, Haji"]
[Black "Nolte, Rolando"]
[Result "0-1"]
[WhiteElo "2409"]
[BlackElo "2412"]
[PlyCount "66"]
[EventDate "2008.01.08"]
[EventType "tourn"]
[EventRounds "11"]
[EventCountry "INA"]
[EventCategory "6"]
[SourceTitle "CBM 122 Extra"]
[Source "ChessBase"]
[SourceDate "2008.03.04"]
[SourceVersion "1"]
[SourceVersionDate "2008.03.04"]
[SourceQuality "1"]

1. e4 c5 2. Nf3 d6 3. d4 cxd4 4. Nxd4 Nf6 5. Nc3 a6 6. Be2 e6 7. 0-0 Qc7 8. Be3 b5 9. a3 Bb7 10. f3 Be7 11. Qe1 0-0 12. Rd1 Nbd7 13. Qf2 Rac8 14. Rd2 Ne5 15. Rfd1 Nc4 16. Bxc4 Qxc4 17. Nb3 Qc7 18. Ne2 d5 19. exd5 Nxd5 20. Kh1 h6 21. c3 Nxe3 22. Qxe3 Bd5 23. Nbd4 Bg5 24. f4 Bf6 25. Ng3 g6 26. Nf3 Bg7 27. Ne5 Rfd8 28. Re1 h5 29. h3 Bb7 30. Ree2 Rxd2 31. Rxd2 Rd8 32. Rxd8+ Qxd8 33. Qe2 Qh4 0-1

[Event "Wismilak"]
[Site "Surabaya"]
[Date "2002.07.27"]
[Round "8"]
[White "Ardiansyah, Haji"]
[Black "Hamdani, Rudin"]
[Result "0-1"]
[WhiteElo "2411"]
[BlackElo "2375"]
[PlyCount "82"]
[EventDate "2002.07.22"]
[EventType "tourn"]
[EventRounds "11"]
[EventCountry "IND"]
[EventCategory "8"]
[SourceTitle "CBM 089 Extra"]
[Source "ChessBase"]
[SourceDate "2002.09.10"]
[SourceVersion "2"]
[SourceVersionDate "2002.09.10"]
[SourceQuality "1"]

1. d4 d5 2. Nf3 c6 3. c4 Nf6 4. Nc3 e6 5. e3 Nbd7 6. Qc2 Bd6 7. Bd3 0-0 8. 0-0 Qe7 9. Re1 dxc4 10. Bxc4 e5 11. h3 Bc7 12. a4 e4 13. Nd2 Nb6 14. Bf1 Bf5 15. b3 Rfe8 16. Ba3 Qe6 17. a5 Nbd5 18. Nxd5 Nxd5 19. a6 b6 20. Rac1 Rac8 21. g3 Bb8 22. Bg2 h5 23. h4 Qg6 24. Qc4 Bd7 25. Qc2 Nf6 26. Nc4 Nd5 27. Nd2 Bf5 28. Qc4 Kh7 29. Nf1 Rc7 30. Rc2 Re6 31. Rec1 Rd7 32. Qa4 Rc7 33. Bb4 Bg4 34. Be1 Rc8 35. b4 b5 36. Qa2 Rd8 37. Rc5 Bf5 38. Qb3 Bc7 39. R5c2 Rd7 40. Rc5 Bd8 41. Qc2 Bb6 0-1

[Event "Wismilak"]
[Site "Surabaya"]
[Date "2002.07.26"]
[Round "7"]
[White "Ardiansyah, Haji"]
[Black "Megaranto, Susanto"]
[Result "1-0"]
[WhiteElo "2411"]
[BlackElo "2364"]
[PlyCount "96"]
[EventDate "2002.07.22"]
[EventType "tourn"]
[EventRounds "11"]
[EventCountry "IND"]
[EventCategory "8"]
[SourceTitle "CBM 089 Extra"]
[Source "ChessBase"]
[SourceDate "2002.09.10"]
[SourceVersion "2"]
[SourceVersionDate "2002.09.10"]
[SourceQuality "1"]

1. d4 d5 2. Nf3 Nf6 3. g3 Bf5 4. c4 c6 5. cxd5 cxd5 6. Bg2 Nc6 7. 0-0 e6 8. Qb3 Qd7 9. Bf4 Be7 10. Nc3 0-0 11. Ne5 Qc8 12. Rac1 Nxd4 13. Qa4 Nc6 14. Nb5 Qd8 15. Nxc6 bxc6 16. Rxc6 e5 17. Bxe5 Bd7 18. Nd4 Kh8 19. Qa6 Bxc6 20. Nxc6 Qd7 21. Nxe7 Qxe7 22. Bxf6 gxf6 23. Bxd5 Rad8 24. Bc4 Kg7 25. Bd3 Qc5 26. Qb7 Rfe8 27. b4 Qb6 28. Qxb6 axb6 29. a4 Rd4 30. Rb1 Ra8 31. Bb5 Rd2 32. Kg2 Rd4 33. Kf3 Rd2 34. h4 Rd4 35. Rb2 f5 36. e3 Rd1 37. Kf4 Kf6 38. Rc2 Rb1 39. Rc6+ Kg7 40. Rc4 Rb2 41. f3 Rb3 42. Rd4 Ra7 43. Bc6 Rc7 44. Bb5 Ra7 45. e4 Ra3 46. exf5 f6 47. Re4 R3xa4 48. Re6 Rxb4+ 1-0

[Event "Wismilak"]
[Site "Surabaya"]
[Date "2002.07.24"]
[Round "5"]
[White "Ardiansyah, Haji"]
[Black "Barus, Cerdas"]
[Result "1-0"]
[WhiteElo "2411"]
[BlackElo "2456"]
[PlyCount "94"]
[EventDate "2002.07.22"]
[EventType "tourn"]
[EventRounds "11"]
[EventCountry "IND"]
[EventCategory "8"]
[SourceTitle "CBM 089 Extra"]
[Source "ChessBase"]
[SourceDate "2002.09.10"]
[SourceVersion "2"]
[SourceVersionDate "2002.09.10"]
[SourceQuality "1"]

1. d4 d5 2. c4 c6 3. Nf3 Nf6 4. Nc3 a6 5. c5 Bf5 6. Bf4 Nbd7 7. h3 e6 8. e3 Be7 9. Bd3 Bxd3 10. Qxd3 0-0 11. 0-0 Qc8 12. Rfc1 Bd8 13. Bd6 Re8 14. b4 Bc7 15. Be5 Qb8 16. Bxc7 Qxc7 17. a4 e5 18. dxe5 Nxe5 19. Nxe5 Qxe5 20. Ne2 Ne4 21. Nd4 g6 22. Rab1 Qf6 23. Rc2 h5 24. Nf3 Ng5 25. Nd4 Ne4 26. Nf3 Ng5 27. Nd4 Ne4 28. Nf3 Re6 29. Qd4 Qe7 30. b5 axb5 31. axb5 Re8 32. bxc6 bxc6 33. Rb6 Rf6 34. Ne1 g5 35. Nd3 Re6 36. Nb4 Rc8 37. Qd1 Nf6 38. Qf3 Kg7 39. Qf5 Nd7 40. Rb7 Qf6 41. Qxf6+ Nxf6 42. Ra2 Ne4 43. Rba7 Kf8 44. Nd3 Nc3 45. Rd7 Rf6 46. h4 gxh4 47. Nf4 Ne4 1-0

[Event "Wismilak"]
[Site "Surabaya"]
[Date "2002.07.22"]
[Round "1"]
[White "Ardiansyah, Haji"]
[Black "Sadikin The, Irwanto"]
[Result "1/2-1/2"]
[WhiteElo "2411"]
[BlackElo "2362"]
[PlyCount "133"]
[EventDate "2002.07.22"]
[EventType "tourn"]
[EventRounds "11"]
[EventCountry "IND"]
[EventCategory "8"]
[SourceTitle "CBM 089 Extra"]
[Source "ChessBase"]
[SourceDate "2002.09.10"]
[SourceVersion "2"]
[SourceVersionDate "2002.09.10"]
[SourceQuality "1"]

1. e4 e5 2. Nf3 Nc6 3. Bb5 a6 4. Bxc6 dxc6 5. 0-0 Bg4 6. d3 Qf6 7. Be3 Bxf3 8. Qxf3 Qxf3 9. gxf3 Bd6 10. Nd2 Ne7 11. Nc4 Ng6 12. Rfd1 0-0-0 13. Kf1 h6 14. Ke2 Nh4 15. d4 f6 16. dxe5 fxe5 17. f4 exf4 18. Nxd6+ Rxd6 19. Bxf4 Re6 20. e5 Ng6 21. Bg3 Nxe5 22. Kf1 Nd7 23. Rd3 Nf6 24. Rad1 Rhe8 25. R3d2 g5 26. Kg2 h5 27. h4 g4 28. Bf4 Nd5 29. Bg5 b5 30. Kg3 Rf8 31. c3 Re5 32. Kg2 Rf3 33. Kg1 Kd7 34. a4 Ke6 35. axb5 axb5 36. Ra1 Ref5 37. Rc1 g3 38. fxg3 Rxg3+ 39. Kh2 Rg4 40. Re1+ Re5 41. Rf1 Rge4 42. Rff2 Rf5 43. Rg2 Rf1 44. Bd8 Ree1 45. Bg5 Rh1+ 46. Kg3 Rhg1 47. Rxg1 Rxg1+ 48. Kf2 Rb1 49. Ke2 c5 50. Kd3 c4+ 51. Kc2 Rh1 52. Re2+ Kd6 53. Rg2 c5 54. Rd2 b4 55. cxb4 cxb4 56. b3 Kc5 57. bxc4 Kxc4 58. Rf2 Rh3 59. Kb2 Rb3+ 60. Kc2 Ra3 61. Kb2 Rb3+ 62. Kc2 Ra3 63. Kb2 Ra8 64. Rf1 Re8 65. Rf2 Re4 66. Rc2+ Kb5 67. Rc8 1/2-1/2

[Event "Asia Cities-ch 13th"]
[Site "Aden"]
[Date "2002.02.13"]
[Round "8"]
[White "Dzhumaev, Marat"]
[Black "Ardiansyah, Haji"]
[Result "0-1"]
[WhiteElo "2480"]
[BlackElo "2399"]
[PlyCount "106"]
[EventDate "2002.02.07"]
[EventType "team-swiss"]
[EventRounds "9"]
[EventCountry "YEM"]
[SourceTitle "EXT 2020"]
[Source "ChessBase"]
[SourceDate "2019.10.17"]
[SourceVersion "1"]
[SourceVersionDate "2019.10.17"]
[SourceQuality "1"]
[WhiteTeam "Namangan"]
[BlackTeam "Jakarta"]
[WhiteTeamCountry "UZB"]
[BlackTeamCountry "INA"]

1. e4 c5 2. Nf3 d6 3. Bc4 e6 4. 0-0 Nc6 5. c3 Nf6 6. d4 Nxe4 7. d5 exd5 8. Qxd5 Be6 9. Qxe4 d5 10. Qe1 dxc4 11. Ng5 Qd5 12. Na3 0-0-0 13. Nxe6 fxe6 14. Qe2 Ne5 15. Bg5 Rd7 16. Rad1 Nd3 17. Qg4 Qf5 18. Qh4 h6 19. Bc1 Be7 20. Qxc4 Rhd8 21. Qa4 Kb8 22. Be3 e5 23. Rb1 b6 24. b4 Qe4 25. Nb5 c4 26. Qa6 Qb7 27. Qxb7+ Kxb7 28. a4 Rc8 29. Rfd1 Bf6 30. f3 a6 31. Na3 e4 32. b5 a5 33. fxe4 Bxc3 34. Kf1 Bb4 35. Nc2 Re8 36. Ke2 Rxe4 37. Rf1 Rde7 38. Rf3 Nf4+ 39. Kf1 Nd5 40. Bf2 Bd2 41. Be1 c3 42. Bxd2 cxd2 43. Rd1 Rxa4 44. Rxd2 Nc7 45. Ne3 Nxb5 46. Nd5 Rd7 47. Rb3 Rb4 48. Rg3 Rb1+ 49. Ke2 a4 50. Nf4 Rxd2+ 51. Kxd2 a3 52. Rxg7+ Ka6 53. Rg8 a2 0-1

[Event "Asia Cities-ch 13th"]
[Site "Aden"]
[Date "2002.02.11"]
[Round "6"]
[White "Villamayor, Buenaventura"]
[Black "Ardiansyah, Haji"]
[Result "0-1"]
[WhiteElo "2520"]
[BlackElo "2399"]
[PlyCount "72"]
[EventDate "2002.02.07"]
[EventType "team-swiss"]
[EventRounds "9"]
[EventCountry "YEM"]
[SourceTitle "EXT 2020"]
[Source "ChessBase"]
[SourceDate "2019.10.17"]
[SourceVersion "1"]
[SourceVersionDate "2019.10.17"]
[SourceQuality "1"]
[WhiteTeam "Manila"]
[BlackTeam "Jakarta"]
[WhiteTeamCountry "PHI"]
[BlackTeamCountry "INA"]

1. d4 d5 2. c4 dxc4 3. Nf3 Nf6 4. Nc3 a6 5. e4 b5 6. e5 Nd5 7. a4 Nxc3 8. bxc3 Bb7 9. e6 f6 10. Be2 Qd5 11. 0-0 Qxe6 12. Re1 Qd7 13. Nh4 g6 14. Bg4 f5 15. Bf3 c6 16. Bg5 Kf7 17. Qe2 e6 18. Qe5 Bg7 19. Qc5 Re8 20. g4 fxg4 21. Bxg4 Qd5 22. Qxd5 cxd5 23. Re2 Nc6 24. Rae1 Bc8 25. Ng2 e5 26. Bf3 e4 27. Nf4 Bf5 28. Bg2 h6 29. Bh4 g5 30. Nxd5 gxh4 31. Nc7 h3 32. Nxe8 Rxe8 33. axb5 axb5 34. Bxe4 Rxe4 35. Rxe4 Bxe4 36. Rxe4 Ne7 0-1

[Event "Vung Tau Intourco"]
[Site "Vung Tau"]
[Date "2001.??.??"]
[Round "?"]
[White "Ardiansyah, Haji"]
[Black "Barus, Cerdas"]
[Result "1/2-1/2"]
[WhiteElo "2401"]
[BlackElo "2456"]
[PlyCount "20"]
[EventDate "2001.??.??"]
[EventType "tourn"]
[EventRounds "11"]
[EventCountry "VIE"]
[EventCategory "8"]
[SourceTitle "EXT 2006"]
[Source "ChessBase"]
[SourceDate "2005.11.24"]
[SourceVersion "1"]
[SourceVersionDate "2005.11.24"]
[SourceQuality "1"]

1. Nf3 Nf6 2. d4 d5 3. c4 c6 4. cxd5 cxd5 5. Nc3 Nc6 6. a3 Bf5 7. e3 a6 8. Be2 e6 9. 0-0 Bd6 10. Nh4 Bg6 1/2-1/2

[Event "Wah Seong IM"]
[Site "Penang"]
[Date "2000.03.05"]
[Round "9"]
[White "Mok, Tze Meng"]
[Black "Ardiansyah, Haji"]
[Result "1/2-1/2"]
[WhiteElo "2270"]
[BlackElo "2396"]
[PlyCount "20"]
[EventDate "2000.02.26"]
[EventType "tourn"]
[EventRounds "9"]
[EventCountry "MAS"]
[EventCategory "5"]
[SourceTitle "CBM 074 Extra"]
[Source "ChessBase"]
[SourceDate "2000.03.10"]
[SourceVersion "2"]
[SourceVersionDate "2000.03.10"]
[SourceQuality "1"]

1. e4 e5 2. Nf3 Nc6 3. Bb5 a6 4. Bxc6 dxc6 5. 0-0 Bd6 6. d4 Bg4 7. dxe5 Bxf3 8. Qxf3 Bxe5 9. Nd2 Qf6 10. Qxf6 Nxf6 1/2-1/2

[Event "Wah Seong IM"]
[Site "Penang"]
[Date "2000.03.03"]
[Round "7"]
[White "Wong, Zi Jing"]
[Black "Ardiansyah, Haji"]
[Result "0-1"]
[WhiteElo "2324"]
[BlackElo "2396"]
[PlyCount "72"]
[EventDate "2000.02.26"]
[EventType "tourn"]
[EventRounds "9"]
[EventCountry "MAS"]
[EventCategory "5"]
[SourceTitle "CBM 074 Extra"]
[Source "ChessBase"]
[SourceDate "2000.03.10"]
[SourceVersion "2"]
[SourceVersionDate "2000.03.10"]
[SourceQuality "1"]

1. e4 c5 2. Nf3 d6 3. d4 cxd4 4. Nxd4 Nf6 5. Nc3 a6 6. f4 e6 7. Bd3 Nc6 8. Nf3 b5 9. 0-0 Bb7 10. Qe2 b4 11. Nd1 Be7 12. Bd2 e5 13. Ne3 g6 14. Nd5 0-0 15. Nxe7+ Qxe7 16. fxe5 dxe5 17. Bg5 Qc5+ 18. Kh1 Nh5 19. Bh6 Rfe8 20. Ng5 Nf4 21. Qg4 Re7 22. b3 Nd4 23. Rxf4 exf4 24. Qh4 Qe5 25. Rf1 f6 26. Bc4+ Kh8 27. Rxf4 Rc8 28. Bf7 Rg8 29. Bxg8 Nf5 30. Nf7+ Rxf7 31. Qf2 Rd7 32. Bd5 Nxh6 33. h3 Bxd5 34. exd5 Rxd5 35. g3 Rd1+ 36. Kh2 Qd5 0-1

[Event "Wah Seong IM"]
[Site "Penang"]
[Date "2000.02.28"]
[Round "3"]
[White "Liu, Wenzhe"]
[Black "Ardiansyah, Haji"]
[Result "1/2-1/2"]
[WhiteElo "2451"]
[BlackElo "2396"]
[PlyCount "85"]
[EventDate "2000.02.26"]
[EventType "tourn"]
[EventRounds "9"]
[EventCountry "MAS"]
[EventCategory "5"]
[SourceTitle "CBM 074 Extra"]
[Source "ChessBase"]
[SourceDate "2000.03.10"]
[SourceVersion "2"]
[SourceVersionDate "2000.03.10"]
[SourceQuality "1"]

1. Nf3 Nf6 2. c4 c5 3. g3 Nc6 4. Bg2 g6 5. 0-0 Bg7 6. Nc3 0-0 7. d3 d5 8. cxd5 Nxd5 9. Ne4 b6 10. Qb3 Na5 11. Qa3 Bb7 12. Bd2 Nc6 13. Qb3 Qd7 14. Rac1 Rfd8 15. h4 e6 16. h5 a5 17. Nc3 Nce7 18. Na4 Bc6 19. Nxb6 a4 20. Qxd5 Qxd5 21. Nxd5 Bxd5 22. Bc3 Bxa2 23. Bxg7 Kxg7 24. Rxc5 Rab8 25. Rc7 Re8 26. Ne5 gxh5 27. Bb7 Bd5 28. Bxd5 exd5 29. Ra1 Rxb2 30. Rxa4 Rxe2 31. d4 f6 32. Nd3 h4 33. Nf4 Re1+ 34. Kg2 hxg3 35. fxg3 Kh6 36. Raa7 Kg5 37. Kf2 Ng6 38. Nxd5 Rd1 39. Ra5 Rd2+ 40. Kf1 Rd1+ 41. Kg2 f5 42. Rxh7 Rxd4 43. Rh5+ 1/2-1/2

[Event "Karpov GM"]
[Site "Singapore"]
[Date "1997.12.18"]
[Round "5"]
[White "Hsu, Li Yang"]
[Black "Ardiansyah, Haji"]
[Result "1-0"]
[WhiteElo "2390"]
[BlackElo "2415"]
[PlyCount "53"]
[EventDate "1997.??.??"]
[EventType "tourn"]
[EventRounds "14"]
[EventCountry "SIN"]
[EventCategory "7"]
[SourceTitle "EXT 1999"]
[Source "ChessBase"]
[SourceDate "1998.11.16"]
[SourceVersion "1"]
[SourceVersionDate "1998.11.16"]
[SourceQuality "1"]

1. d4 d5 2. c4 dxc4 3. e4 c5 4. d5 b5 5. a4 Nf6 6. f3 e6 7. dxe6 Qxd1+ 8. Kxd1 Bxe6 9. axb5 Nbd7 10. Nc3 Be7 11. Nge2 0-0 12. Nf4 Ne5 13. Kc2 Rfd8 14. Be2 h6 15. Be3 Kf8 16. Ra4 Bd7 17. Rha1 g5 18. Nfd5 Nxd5 19. exd5 Bf5+ 20. Kd2 Rd7 21. b6 Rb8 22. bxa7 Ra8 23. Bxc4 Raxa7 24. Rxa7 Nxc4+ 25. Ke2 Rxa7 26. Rxa7 Nxb2 27. Ne4 1-0

[Event "Singapore m"]
[Site "Singapore"]
[Date "1997.12.05"]
[Round "2"]
[White "Ardiansyah, Haji"]
[Black "Wu, Shaobin"]
[Result "0-1"]
[WhiteElo "2415"]
[BlackElo "2430"]
[PlyCount "144"]
[EventDate "1997.12.04"]
[EventType "match"]
[EventRounds "4"]
[EventCountry "SIN"]
[SourceTitle "CBM 062 Extra"]
[Source "ChessBase"]
[SourceDate "1998.03.09"]
[SourceVersion "1"]
[SourceVersionDate "1998.03.09"]
[SourceQuality "1"]

1. c4 e5 2. Nc3 Nc6 3. g3 g6 4. Bg2 Bg7 5. e3 d6 6. Nge2 h5 7. h4 Nh6 8. d3 0-0 9. a3 Bg4 10. Qc2 Qd7 11. b4 a6 12. Bb2 Rab8 13. Nd5 Nd8 14. e4 Be6 15. d4 Nc6 16. dxe5 Nxe5 17. Rd1 Rbd8 18. f4 Neg4 19. Bxg7 Kxg7 20. 0-0 Kh7 21. Qc3 Rfe8 22. Nd4 Bxd5 23. cxd5 Re7 24. f5 Qe8 25. fxg6+ fxg6 26. Ne6 Qh8 27. Rc1 Rc8 28. Bh3 Kg8 29. Qxh8+ Kxh8 30. Rf3 c6 31. Rcf1 cxd5 32. Rf8+ Rxf8 33. Rxf8+ Kh7 34. exd5 Ne3 35. Ng5+ Kg7 36. Rd8 Nhf5 37. Ne6+ Kf6 38. Rf8+ Rf7 39. Rxf7+ Kxf7 40. Bxf5 Nxf5 41. Kf2 Kf6 42. Kf3 Ke5 43. Nf4 Nd4+ 44. Kf2 Kf5 45. a4 Nc2 46. b5 axb5 47. axb5 Na3 48. b6 Nc4 49. Ne6 Nxb6 50. Nd8 Nxd5 51. Nxb7 Ke5 52. Na5 Ne7 53. Nc4+ Kd5 54. Nd2 Ke5 55. Kf3 Kf5 56. Nc4 d5 57. Ne3+ Ke5 58. g4 Nc6 59. gxh5 gxh5 60. Ng2 Nd4+ 61. Ke3 Nf5+ 62. Kd3 d4 63. Ke2 Ke4 64. Ne1 Nxh4 65. Nd3 Nf5 66. Nf2+ Kf4 67. Kf1 Kf3 68. Nd3 Ke3 69. Ne5 d3 70. Nc4+ Kd4 71. Nd2 Kc3 72. Ne4+ Kc2 0-1

[Event "World Cities"]
[Site "Jakarta "]
[Date "1997.??.??"]
[Round "2"]
[White "Ardiansyah, Haji"]
[Black "Iuldachev, Saidali"]
[Result "1/2-1/2"]
[WhiteElo "2415"]
[BlackElo "2525"]
[PlyCount "58"]
[EventDate "1997.07.08"]
[EventType "swiss"]
[EventRounds "10"]
[EventCountry "INA"]
[SourceTitle "CBM 058 Extra"]
[Source "ChessBase"]
[SourceDate "1997.07.29"]
[SourceVersion "1"]
[SourceVersionDate "1997.07.29"]
[SourceQuality "1"]

1. Nf3 Nf6 2. c4 g6 3. Nc3 Bg7 4. g3 0-0 5. Bg2 d6 6. d4 Nbd7 7. 0-0 e5 8. h3 c6 9. e4 Qb6 10. Re1 exd4 11. Nxd4 Ng4 12. Nce2 Nge5 13. b3 Nc5 14. Be3 Re8 15. Qc2 a5 16. Rab1 a4 17. Red1 Qb4 18. Bd2 axb3 19. axb3 Qb6 20. b4 Ne6 21. Be3 Qa6 22. Ra1 Qxa1 23. Rxa1 Rxa1+ 24. Kh2 Ra3 25. Nb3 Nc7 26. Bc1 Ra4 27. f4 Nd7 28. Na5 Rxb4 29. Bf3 Rb6 1/2-1/2